000 00289nam a22001337a 4500
008 170926b xxu||||| |||| 00| 0 eng d
020 _a9780071626569
041 _aeng
080 _22ND
_a37
100 _a46
101 _aEDU
245 _aTHE PRAXIS SERIES
_cHILL,M.G
942 _2udc
_cBK
999 _c30033
_d30033